Sledovanie objektu pomocou UAV

Salvato in:
Dettagli Bibliografici
Autore principale: Krolák, Peter (Autore)
Altri autori: Ťapák, Peter (Relatore della tesi)
Natura: Manoscritto Libro
Lingua:slovacco
Pubblicazione: 2019
Soggetti:
Accesso online:http://is.stuba.sk/zp/portal_zp.pl?podrobnosti=137563
Tags: Aggiungi Tag
Nessun Tag, puoi essere il primo ad aggiungerne!!

MARC

LEADER 00000ntm a22000003a 4500
001 stuzp65849
003 SK-STU
005 20190722130525.7
007 ta
008 150427s2015----xo-----f-mn---000-0-slo-d
040 |a STU  |b slo 
041 0 |a slo 
044 |a xo 
100 1 |a Krolák, Peter  |u 030400  |k Z4  |4 aut  |U FEI Fakulta elektrotechniky a informatiky  |T FEI Ústav automobilovej mechatroniky  |X 53899  |U E400  |Y 642  |7 53899 
242 0 1 |a Object tracking using UAV  |y eng 
245 1 0 |a Sledovanie objektu pomocou UAV 
260 |c 2019 
300 |a 95 s.,  |b CD-ROM 
650 4 |a konvolúčna sieť  |2 slo 
650 4 |a neurónová sieť  |2 slo 
650 4 |a strojové učenie  |2 slo 
650 4 |a neural network  |2 eng 
650 4 |a deep learnings  |2 eng 
650 4 |a convolution network  |2 eng 
700 1 |a Ťapák, Peter  |u 030400  |k Z1  |4 ths  |U FEI Fakulta elektrotechniky a informatiky  |T FEI Ústav automobilovej mechatroniky  |X 3715  |U E400  |Y 642  |7 A000003715 
856 4 |u http://is.stuba.sk/zp/portal_zp.pl?podrobnosti=137563 
996 |b 284EP12293  |c E*DIPL- 12293  |l EE30  |s P  |a 0  |w stuzp65849_0001